[Event "Novokuznetsk-ch"]
[Site "Novokuznetsk"]
[Date "2012.12.09"]
[Round "7"]
[White "Anokhin, Viktor T"]
[Black "Leonov, A."]
[Result "0-1"]
[WhiteElo "2040"]
[BlackElo "2155"]
[PlyCount "96"]
[EventDate "2012.11.18"]
[EventType "swiss"]
[EventRounds "9"]
[EventCountry "RUS"]
[SourceTitle "EXT 2014"]
[Source "ChessBase"]
[SourceDate "2013.11.20"]
[SourceVersion "1"]
[SourceVersionDate "2013.11.20"]
[SourceQuality "1"]

1. e4 e5 2. Nf3 Nc6 3. Bb5 a6 4. Ba4 Bc5 5. c3 b5 6. Bb3 d6 7. d4 exd4 8. cxd4 Bb4+ 9. Nc3 Bg4 10. 0-0 Bxc3 11. bxc3 Qf6 12. Qd3 Nge7 13. Re1 Bxf3 14. Qxf3 Qxf3 15. gxf3 0-0 16. f4 Na5 17. Bc2 Nc4 18. a3 c6 19. Kh1 f5 20. f3 d5 21. e5 Kf7 22. Bd3 Ke6 23. a4 Rfb8 24. Ba3 Nxa3 25. Rxa3 b4 26. Rb3 bxc3 27. Rxb8 Rxb8 28. a5 Rb4 29. Rc1 Rxd4 30. Rxc3 Rxf4 31. Ra3 Rb4 32. Bxa6 Kxe5 33. Be2 Nc8 34. Re3+ Kd6 35. Re8 Kd7 36. Rg8 c5 37. Rxg7+ Kc6 38. Rxh7 c4 39. h4 d4 40. Kg2 Rb2 41. Kf1 d3 42. Bd1 Rb1 43. Ke1 c3 44. Rh6+ Nd6 45. Kf2 Rxd1 46. a6 f4 47. a7 Rd2+ 48. Kg1 Ra2 0-1

[Event "Sibiria Region-ch Seniors"]
[Site "Prokopevsk"]
[Date "2012.03.18"]
[Round "7"]
[White "Kudriashov, Anatolij"]
[Black "Anokhin, Viktor T"]
[Result "0-1"]
[WhiteElo "1827"]
[BlackElo "2077"]
[PlyCount "98"]
[EventDate "2012.03.12"]
[EventType "swiss"]
[EventRounds "9"]
[EventCountry "RUS"]
[SourceTitle "EXT 2013"]
[Source "ChessBase"]
[SourceDate "2012.11.22"]
[SourceVersion "1"]
[SourceVersionDate "2012.11.22"]
[SourceQuality "1"]

1. e4 c6 2. Nc3 d5 3. d3 d4 4. Nce2 e5 5. Bd2 Nf6 6. c4 c5 7. Nf3 Nc6 8. h3 Be7 9. Ng3 0-0 10. Be2 h6 11. a3 a5 12. Nh4 Nxe4 13. Nxe4 Bxh4 14. g3 Be7 15. g4 b6 16. Qc1 Kh7 17. Rg1 f5 18. Ng3 fxg4 19. hxg4 Bg5 20. Ne4 Bxd2+ 21. Qxd2 g5 22. Kd1 Ne7 23. Kc2 Ng6 24. f3 Kg7 25. b4 Bb7 26. Ng3 Nh4 27. Rgf1 Kh7 28. bxc5 bxc5 29. Qd1 Ng2 30. Qb1 Bc6 31. Rf2 Ne3+ 32. Kc1 Rb8 33. Qa2 Rf7 34. Nf1 Rfb7 35. Bd1 a4 36. Ng3 Qa5 37. Qd2 Qb6 38. Qa2 Kg6 39. Ne4 Bxe4 40. fxe4 Qe6 41. Rf5 Nxd1 42. Qh2 Nc3 43. Qh5+ Kg7 44. Kd2 Rb2+ 45. Ke1 Ne2 46. Rf2 Ng3 47. Qh3 Rb1+ 48. Rxb1 Rxb1+ 49. Kd2 Qb6 0-1

[Event "SFR-ch Seniors"]
[Site "Kiselevsk"]
[Date "2010.10.17"]
[Round "9"]
[White "Anokhin, Viktor T"]
[Black "Morokov, Anatoliy"]
[Result "1-0"]
[WhiteElo "2107"]
[BlackElo "1784"]
[PlyCount "35"]
[EventDate "2010.10.11"]
[EventType "swiss"]
[EventRounds "9"]
[EventCountry "RUS"]
[SourceTitle "EXT 2022"]
[Source "ChessBase"]
[SourceDate "2021.10.06"]
[SourceVersion "1"]
[SourceVersionDate "2021.10.06"]
[SourceQuality "1"]

1. e4 f5 2. exf5 Nf6 3. Nf3 Nc6 4. d4 e6 5. fxe6 dxe6 6. Bd3 Bd6 7. 0-0 0-0 8. Nbd2 Ne7 9. Nc4 Nf5 10. Re1 Re8 11. c3 h6 12. Qc2 g6 13. Nce5 g5 14. h4 g4 15. Bc4 gxf3 16. Qxf5 Bxe5 17. dxe5 Nh7 18. Bxh6 1-0

[Event "Novokuznetsk Summer op"]
[Site "Novokuznetsk"]
[Date "2010.06.22"]
[Round "8"]
[White "Sitnikov, Dmitrij"]
[Black "Anokhin, Viktor T"]
[Result "1-0"]
[WhiteElo "2423"]
[BlackElo "2100"]
[PlyCount "44"]
[EventDate "2010.06.15"]
[EventType "swiss"]
[EventRounds "11"]
[EventCountry "RUS"]
[SourceTitle "EXT 2011"]
[Source "ChessBase"]
[SourceDate "2010.11.26"]
[SourceVersion "1"]
[SourceVersionDate "2010.11.26"]
[SourceQuality "1"]

1. e4 c6 2. d4 d5 3. exd5 cxd5 4. c4 e6 5. Nc3 Nf6 6. Nf3 Nc6 7. c5 Be7 8. Bb5 0-0 9. 0-0 Qc7 10. Re1 h6 11. Rb1 b6 12. b4 Bb7 13. Bd3 bxc5 14. bxc5 a6 15. g3 Rfe8 16. Bf4 Qa5 17. Na4 Ra7 18. Rb6 Bd8 19. Bd2 Bxb6 20. cxb6 Raa8 21. Bxa5 Nxa5 22. Nc5 Bc8 1-0